The physicochemical principles of igneous petrology (Record no. 18878)
[ view plain ]
| 000 -LEADER | |
|---|---|
| fixed length control field | 01076cam a22002891 4500 |
| 001 - CONTROL NUMBER | |
| control field | 2641007 |
| 003 - CONTROL NUMBER IDENTIFIER | |
| control field | BD-DhUL |
| 005 - DATE AND TIME OF LATEST TRANSACTION | |
| control field | 20141112151851.0 |
| 008 - FIXED-LENGTH DATA ELEMENTS--GENERAL INFORMATION | |
| fixed length control field | 850424s1964 is a b 000 0 eng |
| 010 ## - LIBRARY OF CONGRESS CONTROL NUMBER | |
| LC control number | 64056037 |
| 040 ## - CATALOGING SOURCE | |
| Original cataloging agency | DLC/ICU |
| Transcribing agency | ICU |
| Modifying agency | DLC |
| -- | BD-DhUL |
| 041 1# - LANGUAGE CODE | |
| Language code of text/sound track or separate title | engrus |
| 050 00 - LIBRARY OF CONGRESS CALL NUMBER | |
| Classification number | QE461 |
| Item number | .Z283 |
| 082 00 - DEWEY DECIMAL CLASSIFICATION NUMBER | |
| Classification number | 552 |
| Item number | ZAP |
| 100 1# - MAIN ENTRY--PERSONAL NAME | |
| Personal name | Zavarit︠s︡kiĭ, A. N. |
| Fuller form of name | (Aleksandr Nikolaevich), |
| Dates associated with a name | 1884-1952. |
| 240 10 - UNIFORM TITLE | |
| Uniform title | Fiziko-khimicheskie osnovy petrografii. |
| Language of a work | English |
| 245 14 - TITLE STATEMENT | |
| Title | The physicochemical principles of igneous petrology |
| Statement of responsibility, etc. | [by] A.N. Zavaritskii and V.S. Sobolev. [Translated by J. Kolodny and R. Amoils]. |
| 260 ## - PUBLICATION, DISTRIBUTION, ETC. (IMPRINT) | |
| Place of publication, distribution, etc. | Jerusalem, |
| Name of publisher, distributor, etc. | Israel Program for Scientific Translations, |
| Date of publication, distribution, etc. | 1964. |
| 300 ## - PHYSICAL DESCRIPTION | |
| Extent | ix, 414 p. |
| Other physical details | illus. |
| Dimensions | 25 cm. |
| 500 ## - GENERAL NOTE | |
| General note | Label mounted on t.p.: Published in the U.S.A. by D. Davey, New York. |
| 500 ## - GENERAL NOTE | |
| General note | "IPST cat. no. 2056." |
| 504 ## - BIBLIOGRAPHY, ETC. NOTE | |
| Bibliography, etc | Bibliography: p. 399-411. |
| 650 #0 - SUBJECT ADDED ENTRY--TOPICAL TERM | |
| Topical term or geographic name as entry element | Igneous rocks. |
| 700 1# - ADDED ENTRY--PERSONAL NAME | |
| Personal name | Sobolev, Vladimir Stepanovich, |
| Dates associated with a name | 1908- |
| 906 ## - LOCAL DATA ELEMENT F, LDF (RLIN) | |
| a | 7 |
| b | cbc |
| c | orignew |
| d | u |
| e | ocip |
| f | 19 |
| g | y-gencatlg |
| 942 ## - ADDED ENTRY ELEMENTS (KOHA) | |
| Source of classification or shelving scheme | |
| Koha item type | Books |
| Price effective from | Date last seen | Permanent Location | Not for loan | Date acquired | Source of classification or shelving scheme | Koha item type | Lost status | Withdrawn status | Source of acquisition | Collection code | Damaged status | Shelving location | Barcode | Current Location | Full call number |
|---|---|---|---|---|---|---|---|---|---|---|---|---|---|---|---|
| 2014-11-12 | 2014-11-12 | Dhaka University Science Library | 1965-09-30 | Books | Purchased | Non Fiction | General Stacks | A40445 | Dhaka University Science Library | 552 ZAP |
